Fluorescenčne značené analógy prvého inhibítora vnútrobunkového prenosu ceramidov HPA-12 bakalárska práca

Gespeichert in:
Bibliographische Detailangaben
1. Verfasser: Miháľová, Martina
Format: Buch
Sprache:Slowakisch
Veröffentlicht: Bratislava STU FCHPT 2014
Online-Zugang:Im OPAC anzeigen
Tags: Tag hinzufügen
Keine Tags, Fügen Sie das erste Tag hinzu!

MARC

LEADER 00000nam a2200000 a 4500
005 20260127134005.0
008 140929 2014 000 0 slo d
035 |a vtls010624699 
039 9 |y 201409291110  |z mschk03 
040 |a STUSCHK1  |b slo  |c STUSCHK1  |e AACR2 
100 1 |a Miháľová, Martina 
245 1 |a Fluorescenčne značené analógy prvého inhibítora vnútrobunkového prenosu ceramidov HPA-12  |b bakalárska práca  |c Martina Mihaľová 
260 |a Bratislava  |b STU FCHPT  |c 2014 
300 |a 31 s.  |b obr., schémy  |c 30 cm 
500 |a Štud. program: chémia, medicínska chémia a chemické materiály 
500 |a Štud. odbor: chémia, chemické technológie 
500 |a Školiace pracovisko: Odd. organickej chémie 
500 |a Evid. číslo: FCHPT-13569-42836 
910 |a SCHK95 
999 |c 1619  |d 1619